Los carpinteros / (Registro nro. 13928)

Detalles MARC
000 -LEADER
fixed length control field 00807nam a2200253 a 4500
001 - CONTROL NUMBER
control field
003 - CONTROL NUMBER IDENTIFIER
control field DO-SdBNP
005 - DATE AND TIME OF LATEST TRANSACTION
control field 20211228081321.0
008 - FIXED-LENGTH DATA ELEMENTS--GENERAL INFORMATION
fixed length control field 100324d2017 dr r 000 j spa d
040 ## - CATALOGING SOURCE
Original cataloging agency DO-SdBNP
Language of cataloging spa
Transcribing agency BPMSU
082 ## - DEWEY DECIMAL CLASSIFICATION NUMBER
Classification number RD863.44
Item number B171c, 2017
Edition number 22
100 1# - MAIN ENTRY--PERSONAL NAME
Personal name Balaguer, Joaquín,
Dates associated with a name 1906-2002
9 (RLIN) 2
245 14 - TITLE STATEMENT
Title Los carpinteros /
Statement of responsibility, etc. Joaquín Balaguer.
250 ## - EDITION STATEMENT
Edition statement 17a ed.
260 ## - PUBLICATION, DISTRIBUTION, ETC. (IMPRINT)
Place of publication, distribution, etc. Santo Domingo :
Name of publisher, distributor, etc. Fundación Joaquín Balaguer,
Date of publication, distribution, etc. 2017
300 ## - PHYSICAL DESCRIPTION
Extent 443 p. ;
Dimensions 25 cm.
500 ## - GENERAL NOTE
General note Incluye datos biográficos del autor en la solapa de la cubierta
590 ## - LOCAL NOTE (RLIN)
Local note Inventariado, 2021/VM
650 14 - SUBJECT ADDED ENTRY--TOPICAL TERM
Topical term or geographic name as entry element Novela histórica dominicana.
650 #4 - SUBJECT ADDED ENTRY--TOPICAL TERM
Topical term or geographic name as entry element Literatura dominicana.
710 2# - ADDED ENTRY--CORPORATE NAME
Corporate name or jurisdiction name as entry element Fundación Joaquín Balaguer (República Dominicana)
910 ## - USER-OPTION DATA (OCLC)
User-option data VMateo V.
942 ## - ADDED ENTRY ELEMENTS (KOHA)
Source of classification or shelving scheme Dewey Decimal Classification
Koha item type Libros
Existencias
Withdrawn status Lost status Source of classification or shelving scheme Damaged status Not for loan Collection code Home library Current library Date acquired Full call number Barcode Date last seen Price effective from Koha item type Total Checkouts Copy number
    Dewey Decimal Classification     Colección Dominicana Biblioteca Pública Metropolitana Salomé Ureña Biblioteca Pública Metropolitana Salomé Ureña 12/28/2021 BPMSU CD RD863.44 B171c 2017 BPMSU21120028 12/28/2021 12/28/2021 Libros    
    Dewey Decimal Classification     Colección Dominicana Biblioteca Pública Metropolitana Salomé Ureña Biblioteca Pública Metropolitana Salomé Ureña 12/28/2021 BPMSU CD RD863.44 B171c 2017 BPMSU25120041 12/08/2025 12/28/2021 Libros   e.2